Výskyt nadmernej sebadôvery v rozhodovaní jednotlivcov
Analýza výskytu nadmernej sebadôvery pri rozhodovaní jednotlivcov resp. investorov a zisťovanie, či platia všeobecné predpoklady týkajúce sa socio-demografických faktorov (veku, pohlavia, skúseností).
Saved in:
| Main Author: | |
|---|---|
| Format: | Book Chapter |
| Language: | Slovak |
| Subjects: | |
| Tags: |
No Tags, Be the first to tag this record!
|
MARC
| LEADER | 00000nla a2200000 4500 | ||
|---|---|---|---|
| 001 | 0241269 | ||
| 005 | 20241118101714.8 | ||
| 041 | 0 | |a slo | |
| 044 | |a SK | ||
| 245 | 1 | 0 | |a Výskyt nadmernej sebadôvery v rozhodovaní jednotlivcov |c Ali Assad |
| 520 | |a Analýza výskytu nadmernej sebadôvery pri rozhodovaní jednotlivcov resp. investorov a zisťovanie, či platia všeobecné predpoklady týkajúce sa socio-demografických faktorov (veku, pohlavia, skúseností). | ||
| 610 | 2 | 0 | |a psychológia |
| 610 | 2 | 0 | |a behaviorizmus |
| 610 | 2 | 0 | |a psychológia ekonomická |
| 610 | 2 | 0 | |a sebahodnotenie |
| 610 | 2 | 0 | |a sebapoznanie |
| 610 | 2 | 0 | |a sebadôvera |
| 610 | 2 | 0 | |a štruktúra sociálna |
| 610 | 2 | 0 | |a muži |
| 610 | 2 | 0 | |a ženy |
| 610 | 2 | 0 | |a investovanie |
| 610 | 2 | 0 | |a riziko |
| 100 | 1 | |a Assad, Ali | |